Mastering data mining : the art and science of customer relationship management (Record no. 182340)

MARC details
000 -LEADER
fixed length control field 00457nam a2200157Ia 4500
008 - FIXED-LENGTH DATA ELEMENTS--GENERAL INFORMATION
fixed length control field 231217s9999 xx 000 0 und d
020 ## - INTERNATIONAL STANDARD BOOK NUMBER
International Standard Book Number 9971513692
041 ## - LANGUAGE CODE
Language code of text/sound track or separate title English
082 ## - DEWEY DECIMAL CLASSIFICATION NUMBER
Classification number 658.05631 BER;4
100 ## - MAIN ENTRY--PERSONAL NAME
Personal name Berry, A Michael J. Linoff, Gordon.
245 #0 - TITLE STATEMENT
Title Mastering data mining : the art and science of customer relationship management
260 ## - PUBLICATION, DISTRIBUTION, ETC.
Date of publication, distribution, etc. 2000
Name of publisher, distributor, etc. John Wiley & Sons
Place of publication, distribution, etc. New York
300 ## - PHYSICAL DESCRIPTION
Extent xviii+494
650 ## - SUBJECT ADDED ENTRY--TOPICAL TERM
Topical term or geographic name entry element abc
942 ## - ADDED ENTRY ELEMENTS (KOHA)
Koha item type Books
Holdings
Date last seen Total checkouts Full call number Accession number Price effective from Category Lost status Damaged status Department Withdrawn status Home library Current library Shelving location Entry date Vendor Grants Billdate Currency symbol Conversion rate Discount Old discount
26/01/2024   658.05631 BER;4 52878 26/01/2024 Books     CS   Central Library Central Library CS 25/02/2009 Publisher DONATED 18/06/2012 RS 1    

© For any Suggestions or Query, please contact the library staff @ librarian@pes.edu or Phone: +9180 2672 1983/ 2108.